00536nam a2200145Ia 4500008004100000245012600041260003500167260000900202300000800211650001800219650001500237856004600252999001900298952007300317170221s9999 xx 000 0 und d aAntecedents of Knowledge Gaps: Parenting Knowledge and Early Childhood Cognitive Development-Review and Call for Research bThe Open Communication Journal c2012 a6 : xCommunication xMedia Arts uhttps://benthamopen.com/TOCOMMJ/VOLUME/6/ c307300d307300 001040aCLbCLd2017-02-21l0r2017-02-21 00:00:00w2017-02-21yFOJ